| 000 | 00670cam a2200241 a 4500 | ||
|---|---|---|---|
| 001 | 1405069 | ||
| 005 | 20180220042749.0 | ||
| 008 | 830127s1983 inua b 000 0 eng | ||
| 010 | _a 83001254 | ||
| 020 |
_a0268014604 : _c$20.95 |
||
| 020 |
_a0268014612 (pbk.) : _c$10.95 |
||
| 040 |
_aDLC _cDLC _dDLC _dOCoLC |
||
| 041 | _aeng | ||
| 080 | _a330.155 SKU | ||
| 082 | 0 | 0 |
_a330.155 SKU _219 |
| 100 | _a52 | ||
| 101 | _aEKO | ||
| 245 | 0 | 0 |
_aNew directions in economic justice / _cedited by Roger Skurski. |
| 504 | _aIncludes bibliographical references. | ||
| 740 | 0 | _aEconomic justice. | |
| 906 |
_a7 _bcbc _corignew _d1 _eocip _f19 _gy-gencatlg |
||
| 942 |
_2ddc _cBK |
||
| 999 |
_c42897 _d42897 |
||